Sports Quiz

Random Sports or College Quiz
Score 0/20 Timer 07:00
0 Plays Today
Hint Answer % Correct
Team ColorBlue
95.3%
NicknameHoyas
93.2%
Team ColorGray
90%
ConferenceBig East
88.2%
CityWashington, D.C.
85.5%
No. of Men's Varsity Sports12
82%
No. of Women's Varsity Sports13
81%
Famous Alum: C Patrick _____Ewing
79%
Sport w/ most NCAA ChampionshipsMen's Basketball (1)
78.7%
Famous Alum: C _______ MourningAlonzo
77.7%
Hint Answer % Correct
Famous Alum: PG Allen _______Iverson
75.7%
Primary RivalSyracuse
53.7%
Primary RivalVillanova
52.3%
Famous Alum: SF ____ Porter Jr.Otto
50.7%
Basketball ArenaVerizon Center
49%
MascotJack the Bulldog
18.7%
Football StadiumCooper Field
13.7%
Fight SongThere Goes Old Georgetown
10.3%
Athletic DirectorLee Reed
10.3%
Baseball StadiumShirley Povich Field
7.7%
Remove Ads.
Support Sporcle.
Get the best of Sporcle when you Go Orange. This ad-free experience offers more features, more stats, and more fun while also helping to support Sporcle. Thank you for becoming a member.

You're not logged in!

Compare scores with friends on all Sporcle quizzes.
OR
Log In

Show Comments

Extras

Top Quizzes Today


Score Distribution

Your Account Isn't Verified!

In order to create a playlist on Sporcle, you need to verify the email address you used during registration. Go to your Sporcle Settings to finish the process.

Report this User

Report this user for behavior that violates our Community Guidelines.

Details: